Consolación / (Record no. 143411)

MARC details
000 -LEADER
campo de control de longitud fija 00699nam a2200205 4500
001 - NÚMERO DE CONTROL
campo de control 143411
003 - IDENTIFICADOR DE NÚMERO DE CONTROL
campo de control ES-MaACL
007 - CAMPO FIJO DE DESCRIPCIÓN FÍSICA--INFORMACIÓN GENERAL
campo de control de longitud fija t|
008 - DATOS DE LONGITUD FIJA--INFORMACIÓN GENERAL
campo de control de longitud fija 070214s1925 sp r ||||1| cat d
100 1# - ENTRADA PRINCIPAL--NOMBRE DE PERSONA
Nombre de persona Séneca, Lucio Anneo.
9 (RLIN) 105451
245 10 - MENCIÓN DEL TÍTULO
Título Consolación /
Mención de responsabilidad, etc. Lucio Anneo Séneca ; text i traducció de Carles Cardó.
260 ## - PUBLICACIÓN, DISTRIBUCIÓN, ETC.
Lugar de publicación, distribución, etc. Barcelona :
Nombre del editor, distribuidor, etc. Fundació Bernat Metge,
Fecha de publicación, distribución, etc. 1925.
300 ## - DESCRIPCIÓN FÍSICA
Extensión 2 h., V, 1 h., 5 p., 112 h., 3h. ;
Dimensiones 22 cm.
490 1# - MENCIÓN DE SERIE
Mención de serie Fundació Bernat Metge. Escriptors llatins
700 1# - ENTRADA AGREGADA--NOMBRE PERSONAL
Nombre de persona Cardó, Carles.
9 (RLIN) 35168
710 2# - ENTRADA AGREGADA--NOMBRE DE ENTIDAD CORPORATIVA
Nombre de entidad corporativa o nombre de jurisdicción como elemento de entrada Fundació Bernat Metge.
9 (RLIN) 4201
830 0# - PUNTO DE ACCESO ADICIONAL DE SERIE-TÍTULO UNIFORME
Título uniforme Fundació Bernat Metge. Escriptors llatins
9 (RLIN) 181998
852 ## - LOCALIZACIÓN
Ubicación ES-MaACL
Número de control de estantería C-6785
Holdings
Estatus retirado Estado de pérdida Estado de daño No para préstamo Biblioteca de origen Biblioteca actual Ubicación en estantería Fecha de adquisición Fuente de adquisición Total de préstamos Signatura topográfica completa Código de barras Visto por última vez Precio de reemplazo Tipo de ítem Koha
        Biblioteca del Ateneo de Madrid Biblioteca del Ateneo de Madrid Sala Palomar 17/01/2008     C-6785 1149207 23/02/2023 23/02/2023 Libro impreso